[Event "47th GER-ch Blitz 2020"]
[Site "Magdeburg"]
[Date "2020.08.15"]
[Round "17.4"]
[White "Frischmann, Rick"]
[Black "Ehmann, Thilo"]
[Result "1/2-1/2"]
[WhiteElo "2347"]
[BlackElo "2329"]
[Annotator "TA"]
[PlyCount "115"]
[EventDate "2020.07.28"]
[EventType "tourn"]
[EventCountry "GER"]
[SourceTitle "playchess.com"]
[Source "ChessBase"]
[SourceQuality "1"]

{[%evp 9,115,16,15,0,0,8,0,0,8,6,31,23,35,38,56,46,68,53,62,69,75,54,58,-23,-23,-32,-27,-56,0,0,31,26,39,-14,28,41,56,52,87,84,84,91,100,93,114,118,120,0,19,9,18,15,12,10,7,8,136,136,130,133,313,285,227,77,368,363,368,185,267,263,370,18,21,35,31,0,0,0,45,0,0,0,0,0,0,0,0,0,0,0,654,662,686,669,659,650,620,600,570,453,29975,29976,29978,29978,29978,29979,29958,634]} 1. e4 c5 2. Nf3 d6 3. Bb5+ Nd7 4. Ba4 Ngf6 5. O-O e6 6. d4 {B51: Sicilian: Moscow Variation (3 Bb5+) without 3...Bd7.} cxd4 7. Qxd4 Be7 8. c4 {The position is equal.} O-O 9. Nc3 Nc5 10. Bc2 {[#]} e5 $146 ({Predecessor:} 10... Qb6 11. Rd1 Rd8 12. Rb1 a5 13. Be3 Ng4 14. Bg5 Bxg5 15. Nxg5 Ne5 16. f4 Nc6 {1-0 (37) Maetzkow,M (2287)-Ratay,M (2032) Wuerzburg 2019}) 11. Qe3 Be6 12. Rd1 Qc8 13. b3 Bg4 14. h3 Bh5 15. Bb2 Ne6 16. Nd5 (16. Rd2 $14) 16... Nxd5 $11 17. exd5 Nf4 $1 18. Re1 Bf6 ({Black should try} 18... Bd8 $15) 19. Rac1 Bg6 (19... b6 {is more complex.} 20. b4 g6 21. Bb3 Qf5 22. Rc3 e4) 20. Bxg6 Nxg6 21. Nd2 (21. c5 $14) 21... Qd7 22. Ne4 $36 {[%mdl 2048] White has the initiative.} Be7 23. c5 $1 dxc5 {[#]} 24. d6 $1 {[%cal Rd6e7]} ({Of course not} 24. Nxc5 Qxd5 25. Red1 Bxc5 $15) 24... Bd8 25. Nxc5 Qxd6 26. Nxb7 ({Much weaker is} 26. Bxe5 Qxe5 27. Qxe5 Nxe5 $11) 26... Qe6 27. Nxd8 Rfxd8 28. Red1 (28. Bxe5 $16 Qxe5 29. Qxe5 Nxe5 30. Rxe5) 28... a6 29. Qe4 h6 30. Kh2 Rac8 31. Rxd8+ Rxd8 32. Rc6 Qd7 (32... Rd6 $11 33. Rc2 Rd5) 33. Rxa6 $16 Qd2 34. Bxe5 Qxf2 $2 (34... Nxe5 $16 35. Qxe5 Qxf2) 35. Bg3 $18 Qb2 36. Qf5 (36. Ra8 $18 {and White stays clearly on top.} Rxa8 37. Qxa8+ Kh7 38. a4) 36... Rf8 $2 {[%mdl 8192]} (36... Qa1 $16 37. Rd6 Rxd6 38. Bxd6 Qxa2) 37. Ra7 Qd4 38. Qf2 (38. Rd7 $142 Nh4 39. Qxf7+ (39. Rxd4 Nxf5 40. Rb4 Nxg3 $16) 39... Rxf7 40. Rxd4) 38... Qd5 (38... Qxf2 $142 39. Bxf2 Rc8) 39. b4 h5 {[#]} (39... Rc8 $142 40. b5 Rc1) 40. h4 $2 (40. b5 $1 $18 {[%mdl 512]}) 40... Ne5 $11 41. Bxe5 Qxe5+ {[%mdl 4096] Endgame KQR-KQR} 42. Qg3 Qd4 43. Rb7 Qd5 44. Rb6 Qxa2 45. Rb5 Qc4 46. Rg5 Qd4 47. b5 Re8 48. b6 g6 49. b7 Qd8 $2 {[%mdl 8192]} (49... Qb6 $11) 50. Rb5 Qb8 51. Qxb8 Rxb8 $18 {KR-KR} 52. Kg3 f6 53. Kf4 Kf7 54. Ke4 Kg7 (54... Ke8 $18 55. Rb6 Kd8) 55. Kd5 {White mates.} g5 56. Kc6 Kg6 57. g3 f5 58. Kd5 {[%mdl 32768] Accuracy: White = 72%, Black = 58%. . An unexpected result.} (58. Rb6 $142 Kf7 59. hxg5 Re8 60. b8=Q Rxb8 61. Rxb8 Kg6 62. Kd6 Kxg5 63. Ke5) 1/2-1/2

[Event "47th GER-ch Blitz 2020"]
[Site "Magdeburg"]
[Date "2020.08.15"]
[Round "17.5"]
[White "Meier, Georg"]
[Black "Braun, Georg"]
[Result "1-0"]
[WhiteElo "2621"]
[BlackElo "2360"]
[Annotator "TA"]
[PlyCount "63"]
[EventDate "2020.07.28"]
[EventType "tourn"]
[EventCountry "GER"]
[SourceTitle "playchess.com"]
[Source "ChessBase"]
[SourceQuality "1"]

{[%evp 21,63,28,39,18,28,22,41,44,72,79,88,91,101,94,191,145,307,254,254,254,254,254,251,253,252,247,286,125,262,249,283,246,292,278,351,245,229,177,329,208,555,303,804,439]} 1. Nf3 c5 2. g3 Nc6 3. c4 g6 4. Bg2 Bg7 5. O-O d6 6. Nc3 Nf6 7. d4 cxd4 8. Nxd4 Bd7 9. Nc2 O-O 10. b3 Rb8 11. Bb2 a6 12. Ne3 $5 {[%mdl 4] Exploring less charted territory. A38: Symmetrical English vs ...g6: 4 Bg2 Bg7 5 Nf3 Nf6.} b5 13. Qd2 bxc4 14. Nxc4 {[#] White is slightly better.} Rc8 $146 ({Predecessor:} 14... Na5 15. Ne3 Be6 16. Rac1 Qb6 17. Rc2 Rfc8 18. Rfc1 Bxb3 19. axb3 Nxb3 20. Ncd5 Rxc2 21. Qxc2 Nxd5 22. Nxd5 {0-1 (63) Vaganian,R (2625)-Tal,M (2630) Saint John 1988}) 15. Na4 Rb8 16. Rac1 Nb4 17. Bc3 Nc6 (17... a5 $16) 18. Rfd1 Rb5 $2 {[#]} (18... Na7 $16 19. e4 Bxa4) 19. Bxf6 Bxf6 20. Nxd6 exd6 21. Bxc6 Re5 22. Bxd7 ({Much less strong is} 22. Qxd6 Bh3 $18) 22... Qxd7 23. Qxd6 Qf5 24. Qd3 (24. Qxa6 $18 {has better winning chances. e3 is the strong threat.} h5 25. Qc4) 24... Qh3 (24... Qxd3 $16 25. exd3 Rd8) 25. Qf3 $18 ({Inferior is} 25. Qxa6 Rh5 $11) 25... Bg5 26. Rc5 Rxc5 27. Nxc5 a5 28. Ne4 Be7 29. g4 Qh4 $2 {[#]} (29... Qxf3 30. exf3 Bb4) 30. Qg3 Qh6 $2 (30... Qxg3+ 31. hxg3 (31. fxg3 Rc8 $18) 31... Rc8) 31. Rd7 Bb4 $2 (31... Bh4 32. Qc7 Re8) 32. Qe5 {Black got outplayed after the opening. Accuracy: White = 47%, Black = 21%.} 1-0

[Event "47th GER-ch Blitz 2020"]
[Site "Magdeburg"]
[Date "2020.08.15"]
[Round "17.6"]
[White "Koch, Thomas"]
[Black "Siebrecht, Sebastian"]
[Result "0-1"]
[WhiteElo "2461"]
[BlackElo "2429"]
[Annotator "TA"]
[PlyCount "266"]
[EventDate "2020.07.28"]
[EventType "tourn"]
[EventCountry "GER"]
[SourceTitle "playchess.com"]
[Source "ChessBase"]
[SourceQuality "1"]

{[%evp 9,266,16,21,29,18,14,58,20,45,-39,-26,-47,-43,-27,-45,-64,-54,-113,-119,-125,-35,-83,-52,-76,-38,-114,-112,-79,20,-45,-37,-173,-43,-51,-56,-77,-80,-170,-176,-183,-217,-368,-348,-342,-325,-435,-434,-507,-432,-538,-538,-533,-532,-554,-553,-606,-598,-601,-585,-580,-580,-548,-531,-547,-471,-641,-638,-619,-561,-676,-507,-439,0,-673,-621,-502,-471,-463,-461,-860,-375,-329,-330,-489,-15,-427,-15,-15,0,-399,-288,-414,-394,-417,-425,-391,-351,-309,-133,-130,-148,-135,-152,-409,-151,-146,-8,-260,-260,-259,-260,-247,-244,-1464,-1462,-1665,-1656,-1558,-1524,-5209,-5377,-2399,-1856,-29980,-29972,-29971,-29972,-29973,-29974,-29974,-29970,-29971,-29962,-29969,-29970,-29969,-2053,-29968,-29969,-29971,-29971,-29973,-29975,-29973,-8551,-12793,-9983,-29993,-29994,-29994,-29979,-29979,-29979,-29979,-29980,-29986,-89,-89,-103,-89,-8,-8,0,-96,-96,-114,-114,-122,-122,-138,-145,-145,-145,-152,-8,-8,-8,-8,-8,-8,0,-169,-169,-184,-8,-8,-8,-184,-8,-8,-8,-8,-8,-8,-8,-8,-8,-8,-8,-8,-8,-29975,-29977,-29977,-29978,-29979,-29979,-29983,-29981,-29981,-29982,-29983,-29982,-29982,-29983,-29983,-29981,-29983,-29985,-29985,-29986,-29986,-29987,-29985,-29986,-29986,-29984,-29984,-29983,-29983,-29982,-29985,-29986,-29986,-29987,-29987,-29988,-29988,-29988,-29988,-29987,-29987,-29987,-29987,-29988,-29989,-29990,-29989,-29990,-29993,-29991,-29991,-29990,-29990,-29991,-29991,-29992,-29994,-29995]} 1. d4 g6 2. e4 Bg7 3. Bc4 d6 4. h3 a6 5. Nf3 b5 6. Bd3 {B06: Modern Defence.} Bb7 {[#]} 7. O-O $146 ({Predecessor:} 7. Be3 Nd7 8. O-O Ngf6 9. Nbd2 O-O 10. Qe2 c5 11. c3 Rc8 12. Rac1 h6 13. Bb1 {0-1 (37) Mrozek,Z (1399)-Zgoda,D (1725) Polanica Zdroj 2019}) 7... Nd7 8. c4 {White is slightly better.} bxc4 9. Bc2 (9. Bxc4 $14 e6 10. Nc3) 9... e6 $15 10. Re1 Ne7 11. Nc3 O-O 12. Qe2 Nb6 13. a4 (13. Bg5 $15) 13... a5 $1 $17 14. Bf4 Bc6 (14... Qd7 $17 15. Nb5 Ba6) 15. Qe3 Re8 16. Bh6 Bh8 17. Rad1 (17. h4 $15) 17... Qd7 18. Qf4 Bg7 (18... Rab8 $17 19. b3 (19. Ng5 f6 $17) 19... f5 20. bxc4 Nxc4) 19. Nh2 ({Of course not} 19. Ng5 f6 $17) (19. b3 $11) 19... f5 $15 (19... Nxa4 $6 20. d5 $14) 20. d5 (20. Bxg7 $15 Kxg7 21. d5 exd5 22. exf5 Nxf5 23. Ng4) 20... exd5 (20... Bxh6 $19 21. Qxh6 exd5 22. exf5 Nxf5 23. Rxe8+ Rxe8) 21. Bxg7 Kxg7 22. exf5 Nxf5 23. Bxf5 (23. Ng4 $17 Rxe1+ 24. Rxe1) 23... Qxf5 $19 ({But not} 23... gxf5 24. Nf1 $15) 24. Qd4+ Qf6 25. Qxf6+ $2 (25. Qd2 h5 26. Nf3) 25... Kxf6 26. Ng4+ Kf7 27. Re3 Bxa4 28. Rd4 Bc6 29. Ne2 Rxe3 30. fxe3 a4 31. Rf4+ Kg7 32. Nd4 Bd7 33. Nf6 c5 34. Nxd7 Nxd7 {[%mdl 4096] Endgame KRN-KRN} 35. Ne6+ Kg8 36. Nc7 Rf8 37. Nxd5 Rxf4 38. exf4 {KN-KN} Kf7 39. g4 Ke6 40. Nc7+ Kf7 (40... Kf6 $142 41. Kg2 Nb6) 41. Nd5 $1 Nf6 42. Nc3 d5 43. Nxa4 Ne4 44. Kg2 (44. Nb6 $142 Ke6 45. Kg2) 44... Ke6 (44... d4 $142 45. Nb6 c3 46. bxc3 dxc3) 45. Kf3 Kd6 46. Nb6 (46. h4 {is a better defense.}) 46... Kc6 $2 {[#]} ({Black should try} 46... c3 $19 47. bxc3 Nxc3) 47. Nc8 $2 {[%mdl 8192]} (47. Nxc4 $1 $11 {[%mdl 512]} Kd7 (47... dxc4 48. Kxe4) 48. Ne5+ Kd6 49. Ke3) 47... Kd7 $2 ({Black should play} 47... c3 $19 48. bxc3 Nxc3) 48. Nb6+ $11 Kc6 $2 {[%mdl 8192]} (48... Kd6 $11 49. Nxc4+ Ke6) 49. Nc8 $19 Nd2+ 50. Ke3 (50. Ke2 $142 Ne4 51. Kf3) 50... Nb3 51. f5 d4+ 52. Ke2 gxf5 53. gxf5 Kd5 (53... Nc1+ $19 {has better winning chances.} 54. Kf3 Nd3) 54. Nb6+ $17 Ke5 $1 55. Nxc4+ Kxf5 56. Kf3 $2 (56. Kd3 $17 {only move.}) 56... Ke6 $2 (56... Kg5 $19 57. Ne5 Kh4) 57. Ke4 h5 (57... h6 $1 $17 58. Kd3 Nc1+ 59. Ke4 Ne2) 58. Kf4 $2 {[%mdl 8192]} (58. h4 $11) 58... Kd5 $19 59. Nb6+ Kc6 60. Nc4 Kb5 $1 {[%cal Rb5c4]} 61. Nd6+ $2 (61. Ne5) 61... Kb4 62. Ke4 Nd2+ 63. Kd3 Nf3 64. Ne4 c4+ 65. Ke2 Ne5 66. Ng3 h4 67. Nf5 d3+ 68. Kd1 Nf3 69. Kc1 Kc5 70. Kd1 Kd5 71. Ne3+ Kd4 72. Nf5+ Ke4 (72... Kc5 $142 73. Ne7 Kb4 74. Nc6+ Kb5 75. Ne7 Ka4 76. Nd5 Kb3 77. Ne3 Ng5 78. Kc1 Nxh3 79. Kd2 Nf4 80. Kc1 Ne2+ 81. Kd1 h3 82. Ng4 Kxb2 83. Nh2 c3 84. Ke1 c2 85. Kd2 Nf4 86. Ke3 c1=Q+ 87. Kf3 d2 88. Kg4 d1=Q+ 89. Nf3 Qd5 90. Kg3 Qg8+ 91. Kh4 Qg2 92. Ng5 Qe1#) 73. Nd6+ Kd5 $1 74. Nf5 Kc5 75. Kc1 Kb4 76. Ne3 Nd4 (76... Kb3 $142 77. Kd1 Ng5 78. Kd2 Nxh3 79. Ke1 Nf4 80. Kf2 Nd5 $1 {[%mdl 512]} 81. Nf1 Kxb2 82. Nd2 c3 83. Nc4+ Kb3 84. Na5+ Kc2 85. Kf3 d2 86. Kg4 d1=Q+ 87. Kf5 h3 88. Ke5 h2 89. Nc6 h1=Q 90. Nd4+ Kd3 91. Ne6 Qh2+ 92. Nf4+ Qxf4+ 93. Kxd5 Qb3+ 94. Kc6 Qff7 95. Kd6 Qbd5#) 77. Ng2 Ne2+ 78. Kb1 Kb3 79. Ne3 Nf4 80. Nf5 Nxh3 81. Nd4+ Kb4 82. Nf3 Nf4 $2 (82... c3 {mates} 83. bxc3+ Kxc3 84. Ka1 d2 85. Nxd2 Kxd2 86. Ka2 Nf4 87. Kb3 h3 88. Kb4 h2 89. Kc5 h1=Q 90. Kd6 Qd5+ 91. Kc7 Ne6+ 92. Kb6 Qd6+ 93. Ka7 Nc5 94. Ka8 Qc6+ 95. Kb8 Qb7#) 83. Nxh4 $17 Ne2 {Threatens to win with ...Nd4.} 84. Nf3 Kb3 (84... Kc5 $17 85. Nd2 Kb5) 85. Nd2+ $11 Kb4 (85... Ka4 $11 86. Nxc4 Nf4) 86. Nf3 $1 $17 Kc5 87. Nd2 Kd4 88. Nf1 Ng1 89. Kc1 Nf3 90. Kd1 Ne5 91. Nd2 Nc6 (91... Nf7 $17 {And now ...Ng5 would win.} 92. Nf3+ Ke3) 92. Nf3+ $11 Ke3 93. Nd2 Ne5 {aiming for ...Kd4.} 94. Nf1+ Kd4 $2 (94... Kf3 $11 95. Nd2+ Ke3) 95. Nd2 $19 Nf7 96. Nf3+ Kc5 $2 ({Better is} 96... Kd5 $19 {Hoping for ...Ke4.} 97. Kc1 Ke4 98. Nd2+ Kd4) 97. Kd2 $11 Nd6 {[#]} (97... Kb4 $5 98. Ke3 $8 Kc5 $11) 98. Ng5 $2 {[#]} (98. b3 $1 $11 {[%mdl 512]}) 98... Kd5 $2 {[#]} (98... Kb4 $1 $19 {White must now prevent ...Kb3.} 99. Nf3 Kb3) 99. b3 $1 {[%mdl 512]} cxb3 {( -> ...b2)} 100. Kxd3 Nc4 (100... Nb5 {is interesting.} 101. Ne4 b2 102. Nd2 Na3 103. Kc3 b1=Q) 101. Kc3 b2 102. Kc2 Kc5 103. Ne4+ Kb4 (103... Kd4 {seems wilder.} 104. Nd2 Nxd2 105. Kxb2 Nc4+ 106. Kb1 Ke4) 104. Nc3 Ka3 105. Nd1 $2 {[%mdl 8192] [#] Black keeps a firm grip on the game.} (105. Ne2 $11) 105... Ne3+ $1 {[%mdl 576] Promotion. Black mates.} 106. Nxe3 {KN-KP} Ka2 107. Kc3 b1=Q 108. Nc2 {[#]} Qc1 $1 109. Kd3 Kb3 110. Nd4+ Kb2 111. Ne2 Qd1+ 112. Ke3 Kc2 113. Nd4+ Kc3 114. Ne2+ Kc4 115. Nf4 Qe1+ 116. Ne2 Qh4 117. Nf4 Qg3+ 118. Ke4 {[#]} Qg4 $1 119. Ke5 Kc5 120. Ke4 Kd6 121. Ke3 Ke5 122. Nd3+ Kf5 123. Kd2 {[#]} Qd4 $1 124. Ke2 Ke4 125. Nf2+ Kf4 126. Nd3+ Kg3 127. Kd2 Kf3 128. Kc2 Ke2 129. Nb2 Qc5+ 130. Kb3 Kd2 131. Nc4+ Kd3 132. Nb2+ Kd4 133. Ka2 Qb4 {Accuracy: White = 49%, Black = 61%.} 0-1

[Event "47th GER-ch Blitz 2020"]
[Site "Magdeburg"]
[Date "2020.08.15"]
[Round "17.7"]
[White "Svane, Rasmus"]
[Black "Langrock, Hannes"]
[Result "1-0"]
[WhiteElo "2613"]
[BlackElo "2346"]
[Annotator "TA"]
[PlyCount "77"]
[EventDate "2020.07.28"]
[EventType "tourn"]
[EventCountry "GER"]
[SourceTitle "playchess.com"]
[Source "ChessBase"]
[SourceQuality "1"]

{[%evp 21,77,20,24,19,26,27,29,13,29,16,12,12,30,0,9,0,22,0,113,99,167,163,217,109,197,201,373,342,437,428,554,562,878,871,879,859,844,843,797,685,888,875,794,545,547,488,499,497,472,489,561,539,552,544,1018,1018,1018,1016]} 1. Nf3 f5 2. g3 Nf6 3. Bg2 g6 4. O-O Bg7 5. d4 O-O 6. c4 d6 7. Nc3 c6 8. b3 Na6 9. Bb2 Qc7 10. d5 e5 11. dxe6 Bxe6 12. Qc2 {A88: Dutch Defence: Leningrad System: 5 Nf3 0-0 6 0-0 d6 7 Nc3 c6.} Rad8 13. Rad1 Rfe8 14. Rfe1 {White has an edge.} Nc5 {[#]} 15. Nd4 $146 ({Predecessor:} 15. Ng5 Bc8 16. e3 a5 17. h4 h6 18. Nh3 Be6 19. Nf4 {0-1 (61) Dudin,G (2317)-Rychagov,A (2520) Cattolica 2019}) 15... Bf7 16. e3 Nfe4 17. Nce2 {[%cal Bc3e2,Be2f4,Bf4d5][%mdl 32]} Qe7 18. Nf4 Nf6 19. Re2 Ng4 (19... Nce4 $11) 20. b4 $1 $16 {And now Bxc6 would win. White leaves nothing to chance now.} Nd7 {[#]} (20... Ne4 $16 {is a better defense.}) 21. b5 $1 $18 {[%cal Rb5c6]} cxb5 {[#]} (21... Nge5 {was called for.}) 22. Nxb5 (22. Nde6 $1 $18 {[%mdl 512]} Bxb2 (22... Bxe6 23. Nxe6) 23. Nxd8 Qxd8 24. Qxb2) 22... Nde5 (22... Nb6 $16 {might work better.}) 23. Nd5 Qd7 $2 (23... Bxd5 {keeps fighting.} 24. Bxd5+ Kh8 25. Nxa7 Nf6) 24. h3 a6 25. Nbc7 {White is clearly winning.} ({Less strong is} 25. hxg4 axb5 26. Bxe5 Bxe5 $16) 25... Nh6 26. f4 Nc6 27. Bxg7 Kxg7 28. Qc3+ Kf8 29. Nxe8 Qxe8 30. Nf6 Qe6 31. Nxh7+ Kg8 32. Ng5 Qxc4 33. Qxc4 Bxc4 34. Red2 Nf7 35. Nxf7 Bxf7 36. Rxd6 Rxd6 37. Rxd6 Bxa2 38. Bxc6 bxc6 39. Rxg6+ {Accuracy: White = 77%, Black = 39%.} 1-0

[Event "47th GER-ch Blitz 2020"]
[Site "Magdeburg"]
[Date "2020.08.15"]
[Round "17.8"]
[White "Reichmann, Hendrik"]
[Black "Holtel, Jasper"]
[Result "0-1"]
[WhiteElo "2348"]
[BlackElo "2305"]
[Annotator "TA"]
[PlyCount "155"]
[EventDate "2020.07.28"]
[EventType "tourn"]
[EventCountry "GER"]
[SourceTitle "playchess.com"]
[Source "ChessBase"]
[SourceQuality "1"]

{[%evp 21,155,0,33,-6,-4,2,20,0,12,-15,-8,-18,27,-9,44,34,36,-28,-7,-25,77,-177,24,-10,-14,-35,-22,-18,6,-145,-141,-190,-177,-184,-183,-176,-95,-124,-101,-139,-98,-709,-102,-113,-110,-180,-180,-215,-216,-250,-56,-110,-22,-251,-263,-257,-257,-254,-254,-472,-457,-566,-270,-618,-315,-324,-318,-356,-351,-316,-247,-262,-260,-250,-251,-241,-231,-216,-158,-319,-318,-312,-309,-318,-305,-297,-286,-293,-227,-220,-191,-251,-189,-900,-708,-1651,-1605,-1160,-1154,-2466,-1404,-2384,-2347,-2208,-2161,-2420,-2332,-2315,-2078,-5425,-2965,-6540,-6974,-29983,-29984,-29984,-29982,-29982,-29983,-29988,-29989,-29989,-29990,-29991,-29992,-29992,-29983,-29983,-29984,-29983,-29979,-29983,-29975,-6158,-8,-8]} 1. d4 Nf6 2. Bf4 g6 3. e3 Bg7 4. Nf3 O-O 5. Be2 d6 6. h3 c5 7. c3 b6 8. O-O Bb7 9. a4 a6 10. Nbd2 Nbd7 11. Bh2 Ra7 12. c4 {[#] A48: 1 d4 Nf6 2 Nf3 g6: Torre, London and Colle Systems.} cxd4 $146 ({Predecessor:} 12... Ne4 13. d5 Nxd2 14. Qxd2 Nf6 15. Bd3 Qa8 16. e4 Rd8 17. b4 cxb4 18. Qxb4 Nd7 19. Rab1 a5 {½-½ (65) Reichmann,H (2337)-Karpus,M (2328) Katowice 2017}) 13. exd4 Ne4 14. Nxe4 Bxe4 15. Rc1 Qa8 16. Re1 Rc8 17. b3 Nf6 (17... e5 $11) 18. d5 $14 b5 19. Nd4 (19. Nd2 $14) 19... bxa4 $11 20. bxa4 {White wants to play f3.} Rac7 (20... Nxd5 $1 $11 {keeps the balance.} 21. Bg4 f5 22. Nxf5 (22. Rxe4 Nc3 $17) 22... gxf5 23. cxd5 Rxc1 24. Qxc1 Qxd5 25. Qc8+ Bf8) 21. Qd2 $2 {[%mdl 8192] [#]} (21. Bf4 $1 $16 {stays on course.}) 21... Nd7 $2 (21... Bxd5 $1 $19 {[%mdl 512]} 22. cxd5 Ne4 23. Rxc7 Nxd2 24. Rxc8+ Qxc8) 22. Nc6 Nc5 23. Bg4 Rxc6 24. dxc6 Rc7 25. Qe3 $2 (25. Bd7 $11) 25... Qxc6 $17 (25... Bxc6 26. Rc2 $15) 26. f3 Bd3 27. f4 Be4 ({Resist} 27... Qxa4 28. Be2 $17) 28. Bf3 f5 (28... Bxf3 $19 29. gxf3 Qxa4) 29. Kh1 Qxa4 30. Re2 Bf6 31. g4 $2 {[%mdl 8192] [#]} (31. Bxe4 $17 Nxe4 32. Qd3) 31... Qc6 $2 (31... Bd4 $1 $19 {[%mdl 512] is more deadly.} 32. Qxd4 Bxf3+ 33. Kg1 Nb3) 32. Bxe4 Nxe4 33. Kg1 (33. Rg2 $17) 33... Rb7 $19 34. gxf5 gxf5 35. Qd3 Qc5+ $2 (35... a5 $19 {And now ...a4 would win.} 36. Qd5+ Qxd5 37. cxd5 Nc3) 36. Kg2 $15 Kf7 (36... a5 $17 {Hoping for ...a4.} 37. Bg1 Qc6) 37. Rcc2 $2 (37. Bg1 $1 $11 {and White is okay.} Qc6 38. Kh2) 37... Rb8 $19 38. Qd5+ Qxd5 $1 39. cxd5 a5 {[%cal Ba6a5,Ba5a4][%mdl 32]} 40. Bg1 $2 (40. Rc6) 40... a4 41. Re3 Rb3 (41... Bb2 $142 {...a3 is the strong threat.} 42. Rc4 Rg8+ 43. Kh2 Ra8) 42. Rce2 $2 (42. Rc4 Nc3 43. Rexc3 {[%mdl 64] Remove Defender} Bxc3 44. Rxa4) 42... Rb1 {Strongly threatening ...Nc3.} 43. Ra3 Rb4 44. Rea2 Nc3 {[%mdl 64] Double Attack} 45. Rc2 Rb3 ({Worse is} 45... Rxf4 46. Rcxc3 Bxc3 47. Rxc3 $11) 46. Rxb3 axb3 {[%mdl 4096] Endgame KRB-KBN} 47. Rb2 Nxd5 {[%mdl 64] Discovered Attack} 48. Rxb3 Nxf4+ 49. Kh2 Be5 50. Be3 $2 (50. Ba7 $17) 50... Nd5+ 51. Kg2 Nxe3+ 52. Rxe3 {KR-KB} Kf6 53. Rb3 h6 54. Kf3 Ke6 55. Rb8 Bf6 56. Rg8 (56. Kf4 {might work better.}) 56... Kf7 57. Rb8 $2 (57. Rd8) 57... e5 58. Rb6 Ke6 59. Rb8 e4+ 60. Kf4 Bg5+ 61. Kg3 d5 62. Re8+ Kd6 63. Rf8 Ke5 64. Re8+ Kd4 65. Rf8 f4+ 66. Kf2 f3 67. Ra8 Bh4+ 68. Kf1 Ke3 69. Ra3+ Kf4 70. Kg1 d4 71. Ra4 d3 72. Kf1 d2 {[%cal Rd2d1]} 73. Rd4 Ke5 74. Rxd2 e3 75. Ra2 Bg5 ({Not} 75... e2+ 76. Rxe2+ $1 {[%mdl 512]} fxe2+ 77. Kxe2 $11) 76. Ra4 e2+ 77. Kf2 {[#]} Bd2 $2 ({Better is} 77... Be3+ $1 $19 {[%mdl 512]} 78. Ke1 (78. Kxe3 e1=Q+) 78... Bd4) 78. Ra1 {[%mdl 32768] Accuracy: White = 39%, Black = 63%. . Loss on time!?} 0-1

[Event "47th GER-ch Blitz 2020"]
[Site "Magdeburg"]
[Date "2020.08.15"]
[Round "17.9"]
[White "Svane, Frederik"]
[Black "Voege, Tobias"]
[Result "1-0"]
[WhiteElo "2421"]
[BlackElo "2326"]
[Annotator "TA"]
[PlyCount "57"]
[EventDate "2020.07.28"]
[EventType "tourn"]
[EventCountry "GER"]
[SourceTitle "playchess.com"]
[Source "ChessBase"]
[SourceQuality "1"]

{[%evp 24,57,65,45,66,45,68,34,76,47,50,50,81,87,85,48,97,92,155,158,270,260,467,452,800,787,776,758,701,514,1083,1021,29992,29993,29993,628]} 1. e4 e6 2. d4 d5 3. Nd2 Nf6 4. e5 Nfd7 5. f4 c5 6. c3 Nc6 7. Ndf3 cxd4 8. cxd4 Qb6 9. g3 Bb4+ 10. Kf2 g5 11. fxg5 Ndxe5 12. Kg2 {is the legacy move (12.Nxe5).} Nxf3 13. Nxf3 Bd7 {C05: French Tarrasch: 3...Nf6 4 e5 Nfd7, 5 f4 and 5 Bd3 sidelines.} 14. Bf4 Bf8 15. Qd2 Rc8 {[#] White is slightly better.} 16. Rc1 $146 ({Predecessor:} 16. a3 Bg7 17. Rd1 Na5 18. Be5 Bxe5 19. Nxe5 Ba4 20. Rc1 Rxc1 21. Qxc1 {0-1 (34) Suradiradja,H (2250)-Majella,Y (2165) Jakarta 1997}) 16... Bg7 {[%cal Rc6d4]} 17. Be3 O-O 18. Bd3 Ne7 19. h4 Rxc1 20. Rxc1 ({Much worse is} 20. Qxc1 $6 Rc8 $11) 20... Bb5 ({Better is} 20... Nf5) 21. Bb1 $1 $16 f6 {[#]} (21... Re8 $16 22. Bf4 Nf5) 22. gxf6 $1 $18 Bxf6 $2 (22... Rxf6 23. g4 Be8) 23. Bg5 {Threatens to win with Bxf6.} Qd8 (23... e5 $142 24. dxe5 (24. Nxe5 Ng6 $18) 24... Bxg5 25. Qxg5+ {[%mdl 64] Double Attack} Ng6) 24. Bxf6 Rxf6 25. Qg5+ Ng6 26. h5 {[%mdl 64] Pin} Qf8 (26... Be2 $142 27. Rc3 (27. hxg6 Bxf3+ 28. Kh3 hxg6 $16) 27... h6) 27. hxg6 Rxf3 28. gxh7+ Kh8 29. Qg8+ {Accuracy: White = 83%, Black = 26%.} (29. Qe5+ $142 Rf6 {[#]} 30. Qxf6+ $1 {[%mdl 576] Deflection, Promotion} Qxf6 31. Rc8+ Qd8 32. Rxd8+ Be8 33. Rxe8+ {[%mdl 64] Double Attack} Kg7 34. h8=Q+ Kf7 35. Qf8#) 1-0

[Event "47th GER-ch Blitz 2020"]
[Site "Magdeburg"]
[Date "2020.08.15"]
[Round "17.10"]
[White "Schneider, Ilja"]
[Black "Weller, Manuel"]
[Result "1-0"]
[WhiteElo "2479"]
[BlackElo "2237"]
[Annotator "TA"]
[PlyCount "51"]
[EventDate "2020.07.28"]
[EventType "tourn"]
[EventCountry "GER"]
[SourceTitle "playchess.com"]
[Source "ChessBase"]
[SourceQuality "1"]

{[%evp 18,51,25,26,46,45,41,47,47,52,36,38,150,149,143,91,98,69,179,225,214,217,254,253,245,245,241,225,254,255,290,261,335,332,332,327]} 1. d4 Nf6 2. Bg5 Ne4 3. Bf4 c5 4. f3 Qa5+ 5. c3 Nf6 6. Nd2 cxd4 7. Nb3 Qb6 8. Qxd4 Nc6 9. Qxb6 axb6 10. Nd4 Ra5 {A45: Trompowsky Attack.} 11. b4 Nxd4 12. cxd4 Ra4 {White is slightly better.} 13. Rc1 {[%cal Rc1c8]} Ra8 $1 14. e4 {[#]} e5 $146 (14... d5 $14) ({Predecessor:} 14... e6 15. Bd2 Be7 16. a3 O-O 17. Rc3 d6 18. Bd3 Bd7 {½-½ (59) De Jong,J (2334)-Solleveld,M (2463) Hilversum 2006}) 15. dxe5 $16 Bxb4+ {[#]} 16. Kd1 (16. Bd2 $142 $1 {[%cal Rd2b4]} Bxd2+ 17. Kxd2) 16... Nh5 17. Be3 $36 {[%mdl 2048] White has some pressure.} d6 ({Black should try} 17... O-O $14) 18. g4 $18 (18. Bxb6 dxe5 19. Bc4 O-O $15) 18... dxe5 19. gxh5 Be6 20. Bc4 (20. Bxb6 $6 Rxa2 21. Rb1 Bd2 $18) 20... Ke7 {With the idea ...Rhd8+.} 21. Bxe6 ({Don't do} 21. Bxb6 $6 Ra3) 21... Kxe6 {[#]} 22. Rc2 $1 ({Less strong is} 22. Bxb6 Rxa2 23. Rc4 Rb2 $16) 22... Rhd8+ 23. Ke2 {White has a decisive advantage.} Ra3 24. Rb2 ({Don't play} 24. Bxb6 $6 Rd6 $18) 24... Rdd3 25. Rxb4 {Black must now prevent Bc1.} Rxe3+ 26. Kf2 {Accuracy: White = 81%, Black = 44%.} 1-0